000 00438nam a22001817a 4500
003 MPLRDC
005 20220104114242.0
008 210129b ||||| |||| 00| 0 eng d
020 _a962-451-106-3
082 _a848.2 HMJ v.2
100 _a黄明坚著
245 _a单身贵族
_c
250 _a初版二刷
260 _a
_b皇冠出版社有限公司
_c1993
300 _b
650 _a现代别集
942 _cBK
_o848.2 HMJ v.2
999 _c6037
_d6027